MARC

LEADER 00000nam a2200000 a 4500
005 20110708094938.0
007 cr |||||||||||
008 110615s2011 sp |||||| 100 ||spa|c
020 |a 9788470887628  
035 |a 5531 
040 |d vLex 
080 |a 331.31(460)(061.3) 
090 |c 2186  |d 2186 
111 2 |a Congreso nacional para racionalizar los horarios espaǫles  |n (1r :  |d 2006 :  |c Madrid) 
245 1 0 |a I Congreso nacional para racionalizar los horarios espaǫles  |h [Recurs electrṇic] 
256 |a Servicio en ln̕ea. 
260 |a Madrid :  |b Instituto Nacional de Administracin̤ Pb︢lica,  |c 2011 
300 |a 1 recurso electrn̤ico (190 p.) 
500 |a Descripcin̤ del recurso: 15 junio 2011 
506 1 |a Contenido solo disponible en los productos indicados  |d vLex Global  |d vLex Global (Academic Edition, excluding Law Schools)  |d vLex Global (U.S. Academic Edition, Law Schools)  |d vLex Global (U.S. Academic Edition, excluding Law Schools)  |d vLex Global (Academic Edition, Law Schools) 
650 0 7 |a Administracin̤ pb︢lica  |2 Tesauro vLex 
650 0 7 |a Administracin̤ General del Estado  |2 Tesauro vLex 
650 0 7 |a Derecho administrativo social  |2 Tesauro vLex 
650 0 7 |a Asuntos sociales  |2 Tesauro vLex 
710 1 |a Instituto Nacional de Administracin̤ Pb︢lica (Espaą) 
710 1 |a Asociacin̤ para la Racionalizacin̤ de los Horarios Espaǫles 
740 0 |a Primer congreso nacional para racionalizar los horarios espaǫles 
740 0 |a vLex Libros (Servicio en ln̕ea) 
856 4 0 |z Acceso restringido  |u http://vlex.com/source/i-congreso-nacional-racionalizar-horarios-espanoles-5531 
942 |c BOOK